| 000 | 00575nam a2200169 4500 | ||
|---|---|---|---|
| 001 | 138051 | ||
| 003 | ES-MaACL | ||
| 005 | 20230906195508.0 | ||
| 007 | t| | ||
| 008 | 070214s1999 sp r ||||1| spa d | ||
| 100 | 1 |
_aSánchez-Mármol, Lino. _9102756 |
|
| 245 | 1 | 0 |
_aLecciones de Geometría, métrica y proyectiva [y sistemas de representación] / _cL. Sánchez-Mármol, M. Pérez-Beato. |
| 260 |
_aMadrid : _b[s. n.], _c1942 ( _fImp. Ram) |
||
| 300 |
_a2 v. : _bil. ; _c21 cm. |
||
| 700 | 1 |
_aPérez-Beato Olivier, Manuel. _990667 |
|
| 852 |
_aES-MaACL _jF-15672-73 _bR.19860 |
||
| 999 |
_c138051 _d138051 |
||